What countries does Serbia have an embassy in? - Statistics

General Stats
  • This quiz has been taken 554 times
    550 since last reset
  • The average score is 59 of 68
Answer Stats
Hint Answer % Correct
South America Brazil
97%
Europe United Kingdom
97%
North America Canada
96%
Europe/Asia Russia
96%
North America United States of America
96%
Europe Albania
95%
South America Argentina
95%
Oceania Australia
95%
Asia China
95%
Europe France
95%
Europe Sweden
95%
Europe Norway
94%
Europe Spain
94%
Europe Austria
93%
Europe Belgium
93%
Europe Finland
93%
Europe Germany
93%
Europe Italy
93%
Europe/Asia Turkey
93%
Europe Bosnia and Herzegovina
92%
Europe Croatia
92%
Europe Denmark
92%
Europe Greece
92%
Asia Japan
92%
North America Mexico
92%
Europe Portugal
92%
Africa Algeria
91%
Europe Slovenia
91%
Europe Bulgaria
90%
Africa Egypt
90%
Europe Hungary
90%
Asia India
90%
Europe Netherlands
90%
Europe Poland
90%
Europe Romania
90%
Europe Slovakia
90%
Europe Czechia
89%
Europe Switzerland
89%
Europe Belarus
88%
Europe Montenegro
88%
Africa South Africa
88%
Europe Ukraine
88%
Asia Indonesia
87%
Asia Iran
87%
North America Cuba
86%
Africa Morocco
86%
Europe North Macedonia
86%
Asia South Korea
86%
Asia Iraq
85%
Asia Saudi Arabia
84%
Asia United Arab Emirates
84%
Asia Armenia
83%
Asia Israel
83%
Africa Angola
81%
Africa Nigeria
80%
Africa Ethiopia
79%
Asia Azerbaijan
78%
Europe Cyprus
78%
Asia Kazakhstan
78%
Africa DR Congo
77%
Africa Tunisia
77%
Africa Libya
76%
Asia Qatar
73%
Africa Kenya
72%
Africa Zambia
72%
Asia Syria
71%
Europe Vatican
67%
Asia Myanmar
59%
No matching quizzes found
Score Distribution
Percent of People with Each Score
Percentile by Number Answered
Your Score History
You have not taken this quiz since the last reset